|
|
|
|
| LEADER |
01673nam a2200457 a 4500 |
| 001 |
001359442 |
| 003 |
CZ BrMZK |
| 005 |
20140305065127.0 |
| 007 |
ta |
| 008 |
140115s2011 gw ach e 000 0dger |
| 020 |
|
|
|a 978-3-8228-6598-9
|q (brož.)
|
| 040 |
|
|
|a BOA001
|b cze
|
| 041 |
1 |
|
|a ger
|h fre
|
| 043 |
|
|
|a e-au---
|
| 045 |
|
|
|a x4x9
|
| 072 |
|
7 |
|a 72/76
|x Výtvarné umění
|2 Konspekt
|9 21
|
| 080 |
|
|
|a 72/76.071.1
|2 MRF
|
| 080 |
|
|
|a 75.036/.038
|2 MRF
|
| 080 |
|
|
|a 72.036/.038
|2 MRF
|
| 080 |
|
|
|a 574
|2 MRF
|
| 080 |
|
|
|a (436)
|2 MRF
|
| 080 |
|
|
|a (048.8)
|2 MRF
|
| 080 |
|
|
|a (084.11)
|2 MRF
|
| 100 |
1 |
|
|a Restany, Pierre,
|d 1930-2003
|7 xx0001365
|4 aut
|
| 245 |
1 |
4 |
|a Die Macht der Kunst :
|b Hundertwasser, der Maler-König mit den fünf Häuten /
|c Pierre Restany ; [deutsche Übersetzung Philip Mattson]
|
| 246 |
3 |
0 |
|a Hundertwasser
|
| 260 |
|
|
|a Köln :
|b Taschen,
|c c2011
|
| 300 |
|
|
|a 95 s. :
|b il. (převážně barev.), portréty, faksim. ;
|c 23 cm
|
| 500 |
|
|
|a Přeloženo z francouzštiny?
|
| 600 |
1 |
7 |
|a Hundertwasser, Friedensreich,
|d 1928-2000
|7 jn20000700746
|2 czenas
|
| 648 |
|
7 |
|a 20. století
|7 ch460558
|2 czenas
|
| 650 |
0 |
7 |
|a moderní malířství
|7 ph122940
|z Rakousko
|2 czenas
|
| 650 |
0 |
7 |
|a moderní architektura
|7 ph115339
|z Rakousko
|2 czenas
|
| 650 |
0 |
7 |
|a ekologie
|7 ph114418
|2 czenas
|
| 650 |
0 |
7 |
|a výtvarní umělci
|7 ph116709
|z Rakousko
|y 20. stol.
|2 czenas
|
| 655 |
|
7 |
|a obrazové publikace
|7 fd132947
|2 czenas
|
| 655 |
|
7 |
|a monografie
|7 fd132842
|2 czenas
|
| 910 |
|
|
|a BOA001
|b RK-0006.259
|
| 990 |
|
|
|a BK
|
| 991 |
|
|
|b 201403
|c NOV
|e n
|x 33
|
| 996 |
7 |
|
|b 261A007509
|c RK-0006.259
|l Rakouská knihovna/2.patro
|r ZHR
|n 0
|p dar
|h BK
|w 001394291
|u 000010
|a 0
|e BOA001
|j MZK50
|s A
|